000 01061nam a2200289 a 4500
001 000016770
003 DO-SdBNP
005 20250722145317.0
008 100310s1998 dr ac 000 0 spa d
040 _aDO-SdBNP
_bspa
_cDO-SdBNP
049 _a
082 _a352.14
_bT231m
_222
100 1 _aTavárez, Pericles
_937160
245 1 0 _aMemorias de una gestión municipal /
_cPericles Tavárez ; prólogo Fermín Alvarez Santana.
260 _aSanto Domingo :
_bEditora de Colores,
_c1998.
300 _a233 p. :
_bil., retr. ;
_c22 cm.
500 _aIncluye datos biográficos del autor en la contraportada
500 _aIncluye notas al pie de las páginas
590 _aInventariado,2020/VM
650 0 _aGobierno municipal
_vMemorias
_zSan José de los Llanos (República Dominicana)
_2LEMB
_917207
650 7 _zRepública Dominicana
_aGobierno local
_2LEMB
_937338
650 4 _aDesarrollo regional
_937522
650 4 _aGobierno municipal
_917207
700 1 _aAlvarez Santana, Fermín,
_eprólogo
_97814
942 _2ddc
_cLBS1
956 _aVMateo
999 _c16302
_d16302